[Event "Korcsoportos Bajnokság u14f"]
[Site "Balatonlelle"]
[Date "2015.06.19"]
[Round "2.11"]
[White "Balogh, Akos"]
[Black "Miszler, Levente"]
[Result "0-1"]
[WhiteElo "1568"]
[BlackElo "1845"]
[PlyCount "42"]
[EventDate "2015.06.18"]
[EventType "swiss"]
[EventRounds "9"]
[EventCountry "HUN"]
[WhiteClock "0:50:49"]
[BlackClock "1:15:19"]

1. d4 Nf6 2. c4 g6 3. Nf3 Bg7 4. Bf4 d6 5. e3 O-O 6. h3 Bf5 7. Bd3 Bxd3 8. Qxd3
Nbd7 9. Nc3 c5 10. O-O Rc8 11. Rfe1 a6 12. Rac1 Re8 13. Rc2 h6 14. b3 e5 15.
dxe5 dxe5 16. Rd1 exf4 17. Rcd2 fxe3 18. fxe3 Qe7 19. e4 Ne5 20. Nxe5 Qxe5 21.
Qd7 Nxd7 0-1

[Event "Korcsoportos Bajnokság u14f"]
[Site "Balatonlelle"]
[Date "2015.06.19"]
[Round "2.12"]
[White "Horvath, Csongor Endre"]
[Black "Kaloczi, Kristof"]
[Result "1-0"]
[WhiteElo "1523"]
[BlackElo "1781"]
[PlyCount "129"]
[EventDate "2015.06.18"]
[EventType "swiss"]
[EventRounds "9"]
[EventCountry "HUN"]
[WhiteClock "1:26:33"]
[BlackClock "0:45:07"]

1. e4 c5 2. Nf3 e6 3. d4 cxd4 4. Nxd4 a6 5. Nc3 Qc7 6. Bd3 Bc5 7. Nb3 Be7 8.
Qg4 Nf6 9. Qxg7 Rg8 10. Qh6 Rxg2 11. Bf4 Ng4 12. Bxc7 Nxh6 13. Bg3 b5 14. Bf1
Rxg3 15. hxg3 Bf8 16. Bg2 Bb7 17. Na5 Bc6 18. Nxc6 Nxc6 19. e5 Rc8 20. Bxc6
Rxc6 21. O-O-O Ng4 22. Rxh7 Nxe5 23. Ne4 d5 24. f4 Ng4 25. Ng5 f6 26. Nf3 Nf2
27. Rd2 Ne4 28. Rg2 Rd6 29. Nd4 Rd7 30. Rxd7 Kxd7 31. Rh2 Nxg3 32. Rh7+ Be7 33.
Kd1 Ne4 34. Nc6 Kxc6 35. Rxe7 Kd6 36. Ra7 e5 37. Rxa6+ Kc5 38. fxe5 fxe5 39.
Re6 Nf2+ 40. Ke2 Ng4 41. Kf3 Nh2+ 42. Kg3 Nf1+ 43. Kf2 Nh2 44. Rg6 e4 45. Rg3
Nf3 46. Rxf3 exf3 47. Kxf3 Kc4 48. Ke2 Kd4 49. Kd2 Kc4 50. a3 Kd4 51. b3 Kc5
52. Kd3 Kc6 53. Kd4 Kd6 54. c3 Kc6 55. Kd3 Kc5 56. Kc2 d4 57. Kd3 dxc3 58. Kxc3
Kc6 59. Kd4 Kd6 60. b4 Kc6 61. Ke5 Kc7 62. Kd5 Kb6 63. Kd6 Kb7 64. Kc5 Ka6 65.
Kc6 1-0

[Event "Korcsoportos Bajnokság u14f"]
[Site "Balatonlelle"]
[Date "2015.06.19"]
[Round "2.13"]
[White "Boa, Bence"]
[Black "Marton, Kristof"]
[Result "1/2-1/2"]
[WhiteElo "1725"]
[BlackElo "1482"]
[PlyCount "140"]
[EventDate "2015.06.18"]
[EventType "swiss"]
[EventRounds "9"]
[EventCountry "HUN"]
[WhiteClock "1:00:39"]
[BlackClock "1:09:37"]

1. d4 Nf6 2. c4 e6 3. Nc3 Bb4 4. Nf3 O-O 5. Bg5 d5 6. cxd5 exd5 7. Qb3 Bxc3+ 8.
bxc3 Nbd7 9. e3 b6 10. Bb5 h6 11. Bh4 Kh8 12. Bc6 Rb8 13. Bxd5 Qe8 14. Bc6 Bb7
15. Bxb7 Rxb7 16. O-O g5 17. Bg3 Ne4 18. Qd5 Rb8 19. Rac1 Nxg3 20. hxg3 c5 21.
Rfe1 Rd8 22. Nh2 Qe6 23. Qxe6 fxe6 24. Kf1 e5 25. Ng4 cxd4 26. cxd4 exd4 27.
exd4 h5 28. Ne5 Nxe5 29. dxe5 Rd2 30. Re2 Rd3 31. Kg1 Re8 32. Kh2 Rd5 33. f4 h4
34. gxh4 gxf4 35. Rf1 Rdxe5 36. Rxe5 Rxe5 37. Rxf4 Kg7 38. a4 Kg6 39. Kh3 Re3+
40. g3 Rb3 41. Kg4 b5 42. axb5 Rxb5 43. Ra4 a5 44. Kh3 Kh6 45. Ra3 Kg6 46. g4
Kh6 47. Rc3 a4 48. Rc6+ Kh7 49. h5 Ra5 50. Kh4 a3 51. Rc7+ Kh8 52. Rc1 a2 53.
Ra1 Kh7 54. g5 Ra4+ 55. Kg3 Ra3+ 56. Kf4 Ra4+ 57. Kf5 Ra5+ 58. Kf6 Ra6+ 59. Kf7
Ra7+ 60. Kf6 Ra6+ 61. Kf7 Ra7+ 62. Ke6 Ra6+ 63. Ke5 Ra5+ 64. Kf4 Ra4+ 65. Kf5
Ra5+ 66. Kf6 Ra6+ 67. Ke5 Ra5+ 68. Kf4 Ra4+ 69. Kg3 Ra3+ 70. Kg4 Ra4+ 1/2-1/2

[Event "Korcsoportos Bajnokság u14f"]
[Site "Balatonlelle"]
[Date "2015.06.19"]
[Round "2.14"]
[White "Varga, Marcell"]
[Black "Pogany, Zsombor"]
[Result "1-0"]
[WhiteElo "1478"]
[BlackElo "1658"]
[PlyCount "83"]
[EventDate "2015.06.18"]
[EventType "swiss"]
[EventRounds "9"]
[EventCountry "HUN"]

1. e4 c6 2. d4 d5 3. exd5 cxd5 4. Nf3 Bg4 5. c3 Nf6 6. h3 Bh5 7. Be2 e6 8. Bg5
Nbd7 9. O-O Be7 10. Nbd2 O-O 11. Ne5 Bxe2 12. Qxe2 Nxe5 13. Qxe5 Rc8 14. Rfe1
Nd7 15. Bxe7 Qxe7 16. Qxd5 Nb6 17. Qf3 Qg5 18. Ne4 Qd5 19. Qg3 Qd8 20. Rad1 Qc7
21. Qxc7 Rxc7 22. b3 Nd5 23. c4 Nf6 24. Nxf6+ gxf6 25. d5 exd5 26. Rxd5 Rfc8
27. Re4 Kg7 28. f3 b6 29. Kf2 Rc5 30. Rd7 R8c7 31. Ree7 Rxd7 32. Rxd7 a5 33.
Rd6 b5 34. Rd5 Rxd5 35. cxd5 Kf8 36. Ke3 Ke7 37. Kd4 Kd6 38. g4 h6 39. a3 f5
40. gxf5 f6 41. f4 h5 42. h4 1-0

[Event "Korcsoportos Bajnokság u14f"]
[Site "Balatonlelle"]
[Date "2015.06.19"]
[Round "2.15"]
[White "Szabo, Balint"]
[Black "Ruska, Zoltan Jr"]
[Result "1-0"]
[WhiteElo "1620"]
[BlackElo "1364"]
[PlyCount "35"]
[EventDate "2015.06.18"]
[EventType "swiss"]
[EventRounds "9"]
[EventCountry "HUN"]
[WhiteClock "0:57:17"]
[BlackClock "0:39:32"]

1. e4 e5 2. Nf3 Nc6 3. Bc4 d6 4. h3 Be7 5. Nc3 h6 6. d4 exd4 7. Nxd4 Nxd4 8.
Qxd4 Bf6 9. Qd3 Ne7 10. O-O O-O 11. Qg3 Be5 12. f4 Bxc3 13. bxc3 d5 14. exd5
Nxd5 15. f5 c6 16. Bxh6 g6 17. Bxf8 Qxf8 18. fxg6 1-0

[Event "Korcsoportos Bajnokság u14f"]
[Site "Balatonlelle"]
[Date "2015.06.20"]
[Round "3.1"]
[White "Vanczak, Tamas"]
[Black "Bohus, Adam"]
[Result "1/2-1/2"]
[WhiteElo "2017"]
[BlackElo "2128"]
[PlyCount "48"]
[EventDate "2015.06.18"]
[EventType "swiss"]
[EventRounds "9"]
[EventCountry "HUN"]
[WhiteClock "0:10:20"]
[BlackClock "0:04:38"]

1. e4 e5 2. Nf3 Nc6 3. Bc4 Bc5 4. c3 Nf6 5. d3 O-O 6. Bb3 d5 7. Nbd2 Be6 8. Qe2
a5 9. a4 Qd7 10. Bc2 Rfe8 11. Nf1 Ng4 12. Ne3 Nxe3 13. Bxe3 Bxe3 14. fxe3 dxe4
15. dxe4 Qe7 16. O-O Qc5 17. Bd3 Rad8 18. Ng5 Rd7 19. Nxe6 Rxe6 20. Bc4 Red6
21. b3 Nd8 22. Kh1 Rd2 23. Qf3 Qd6 24. h3 b6 1/2-1/2

[Event "Korcsoportos Bajnokság u14f"]
[Site "Balatonlelle"]
[Date "2015.06.20"]
[Round "3.2"]
[White "Acs, Marton"]
[Black "Papp, Levente"]
[Result "1/2-1/2"]
[WhiteElo "1968"]
[BlackElo "2111"]
[PlyCount "24"]
[EventDate "2015.06.18"]
[EventType "swiss"]
[EventRounds "9"]
[EventCountry "HUN"]
[WhiteClock "0:39:01"]
[BlackClock "1:15:47"]

1. d4 d5 2. Nf3 c6 3. g3 Nf6 4. Bg2 Bf5 5. O-O h6 6. c4 e6 7. b3 Nbd7 8. Bb2
Bd6 9. Nc3 O-O 10. Re1 Be4 11. Nxe4 Nxe4 12. e3 Re8 1/2-1/2

[Event "Korcsoportos Bajnokság u14f"]
[Site "Balatonlelle"]
[Date "2015.06.20"]
[Round "3.3"]
[White "Horvath, Balazs"]
[Black "Bege, Mate"]
[Result "0-1"]
[WhiteElo "2115"]
[BlackElo "1999"]
[PlyCount "78"]
[EventDate "2015.06.18"]
[EventType "swiss"]
[EventRounds "9"]
[EventCountry "HUN"]
[WhiteClock "0:15:03"]
[BlackClock "0:57:10"]

1. e4 c5 2. Nf3 d6 3. d4 cxd4 4. Nxd4 Nf6 5. Nc3 Nc6 6. Bg5 Bd7 7. Be2 Qa5 8.
Bxf6 gxf6 9. Nb3 Qg5 10. g3 f5 11. f4 Qh6 12. Qd2 Rc8 13. O-O-O fxe4 14. Nxe4
Bf5 15. Bd3 Bg4 16. Rde1 Bg7 17. h3 Bf3 18. Rhf1 Bxe4 19. Bxe4 Qf6 20. c3 O-O
21. g4 e5 22. fxe5 Qh4 23. exd6 Bh6 24. g5 Bxg5 25. Rg1 Qxe1+ 26. Rxe1 Bxd2+
27. Nxd2 Rcd8 28. Nc4 f5 29. Bd5+ Kg7 30. b4 Rfe8 31. Rd1 Rd7 32. b5 Ne5 33.
Nxe5 Rxe5 34. Bc6 Rd8 35. Bxb7 Rxb5 36. Bf3 Kf6 37. c4 Rc5 38. Bd5 Rxd6 39. Kb2
Rxc4 0-1

[Event "Korcsoportos Bajnokság u14f"]
[Site "Balatonlelle"]
[Date "2015.06.20"]
[Round "3.4"]
[White "Kokeny, Norbert Adrian"]
[Black "Czumbel, Peter"]
[Result "1-0"]
[WhiteElo "2061"]
[BlackElo "1904"]
[PlyCount "59"]
[EventDate "2015.06.18"]
[EventType "swiss"]
[EventRounds "9"]
[EventCountry "HUN"]
[WhiteClock "0:49:03"]
[BlackClock "0:05:43"]

1. d4 Nf6 2. Bg5 g6 3. Bxf6 exf6 4. e3 Bg7 5. Ne2 O-O 6. g3 d5 7. Bg2 c6 8. O-O
Nd7 9. Nf4 Nb6 10. Nd2 a5 11. Qe2 Re8 12. Rfe1 Na4 13. b3 Nc3 14. Qd3 Nb5 15.
c4 Bf5 16. Qf1 Nc3 17. Rec1 Ne4 18. Qe2 g5 19. Nd3 Nxd2 20. Qxd2 dxc4 21. bxc4
Bf8 22. Qd1 Rb8 23. c5 Qd7 24. Nb2 b6 25. cxb6 Rxb6 26. Na4 Ra6 27. Nc5 Bxc5
28. Rxc5 Be4 29. Bxe4 Rxe4 30. Qd3 1-0

[Event "Korcsoportos Bajnokság u14f"]
[Site "Balatonlelle"]
[Date "2015.06.20"]
[Round "3.5"]
[White "Tubak, Daniel"]
[Black "Gyimesi, Peter"]
[Result "0-1"]
[WhiteElo "2032"]
[BlackElo "1819"]
[PlyCount "74"]
[EventDate "2015.06.18"]
[EventType "swiss"]
[EventRounds "9"]
[EventCountry "HUN"]
[WhiteClock "0:18:43"]
[BlackClock "0:28:45"]

1. e4 c5 2. Nf3 e6 3. d4 cxd4 4. Nxd4 Nc6 5. Nc3 Qc7 6. Be2 Nf6 7. O-O a6 8.
Be3 Bb4 9. Bf3 Ne5 10. Bd2 Nc4 11. Bc1 Nxb2 12. Bxb2 Bxc3 13. Bxc3 Qxc3 14. e5
Ng8 15. Rb1 Rb8 16. Rb3 Qc7 17. Qe2 Ne7 18. Qe3 O-O 19. Be4 f5 20. exf6 Rxf6
21. f4 b5 22. Qh3 g6 23. Qh4 Rf7 24. Qg5 Bb7 25. Bxb7 Rxb7 26. Rbf3 Qb6 27. c3
Nf5 28. Rd1 b4 29. g4 bxc3 30. gxf5 c2 31. Rc1 Qxd4+ 32. Kh1 Rb1 33. Rff1 Rxc1
34. Rxc1 Rxf5 35. Qg2 Qd1+ 36. Qg1 Qxg1+ 37. Kxg1 Rc5 0-1

[Event "Korcsoportos Bajnokság u14f"]
[Site "Balatonlelle"]
[Date "2015.06.20"]
[Round "3.6"]
[White "Nemeth, Balint"]
[Black "Kelemen, David"]
[Result "0-1"]
[WhiteElo "1617"]
[BlackElo "1943"]
[PlyCount "76"]
[EventDate "2015.06.18"]
[EventType "swiss"]
[EventRounds "9"]
[EventCountry "HUN"]
[WhiteClock "0:10:55"]
[BlackClock "0:18:07"]

1. e4 c5 2. Nf3 g6 3. c3 d5 4. exd5 Qxd5 5. d4 Nf6 6. Be2 cxd4 7. cxd4 Bg7 8.
Nc3 Qa5 9. O-O O-O 10. Bf4 Nc6 11. a3 Nd5 12. Qd2 Nxf4 13. Qxf4 Nxd4 14. Nxd4
e5 15. Nb3 Qxc3 16. Qxf7+ Rxf7 17. bxc3 Rc7 18. Rac1 Be6 19. c4 Rac8 20. Rc2 b5
21. Nd2 Bh6 22. Nf3 e4 23. Nd4 Bd7 24. Rb1 bxc4 25. Rb4 c3 26. Ba6 Rd8 27. h3
Bg7 28. Ne2 Be6 29. Rb1 e3 30. g4 Rd2 31. Rb8+ Kf7 32. Rc1 exf2+ 33. Kxf2 c2
34. Ke1 Bh6 35. Ng3 Rg2 36. Ne2 Bxc1 37. Nxc1 Rg1+ 38. Kd2 Rd1+ 0-1

[Event "Korcsoportos Bajnokság u14f"]
[Site "Balatonlelle"]
[Date "2015.06.20"]
[Round "3.7"]
[White "Vodila, Martin Botond"]
[Black "Pasztor, Bence"]
[Result "1-0"]
[WhiteElo "1941"]
[BlackElo "1598"]
[PlyCount "107"]
[EventDate "2015.06.18"]
[EventType "swiss"]
[EventRounds "9"]
[EventCountry "HUN"]
[WhiteClock "1:23:35"]
[BlackClock "1:43:13"]

1. e4 e5 2. Nc3 Nf6 3. Bc4 Nc6 4. d3 Bc5 5. Na4 Be7 6. Ne2 Na5 7. Bb3 Nxb3 8.
axb3 O-O 9. O-O d6 10. Nac3 c6 11. f4 Qb6+ 12. Kh1 Ng4 13. Qe1 Qd8 14. h3 Nf6
15. fxe5 dxe5 16. Ng3 Re8 17. Nf5 Bf8 18. Bg5 Re6 19. Qh4 b5 20. Nh6+ gxh6 21.
Bxf6 Rxf6 22. Rxf6 Bg7 23. Rxh6 Qxh4 24. Rxh4 Bf6 25. Rh5 Kg7 26. Rf1 Be6 27.
g4 h6 28. Ne2 Bg5 29. Ng3 f6 30. Nf5+ Kh7 31. Nxh6 Kg6 32. Nf5 Bd7 33. Ne7+ Kg7
34. Nf5+ Kg6 35. Kg2 a5 36. h4 Bd2 37. Kf3 Ra6 38. Ke2 Bf4 39. Rxf4 exf4 40.
Rh6+ Kf7 41. Rh7+ Ke8 42. Nd6+ Kd8 43. Kf3 a4 44. Nb7+ Kc8 45. Nc5 Ra7 46. Rxd7
Rxd7 47. Nxd7 Kxd7 48. bxa4 bxa4 49. Kxf4 Ke6 50. h5 c5 51. h6 Kf7 52. Kf5 Kg8
53. Kxf6 Kh7 54. g5 1-0

[Event "Korcsoportos Bajnokság u14f"]
[Site "Balatonlelle"]
[Date "2015.06.20"]
[Round "3.8"]
[White "Szabo, Marton Mihaly"]
[Black "Horvath, Csongor Endre"]
[Result "1-0"]
[WhiteElo "1864"]
[BlackElo "1523"]
[PlyCount "59"]
[EventDate "2015.06.18"]
[EventType "swiss"]
[EventRounds "9"]
[EventCountry "HUN"]
[WhiteClock "0:37:24"]
[BlackClock "0:50:41"]

1. e4 c5 2. b4 cxb4 3. d4 d6 4. Nf3 Bg4 5. Bc4 Qc7 6. Bxf7+ Kxf7 7. Ng5+ Ke8 8.
Qxg4 Nf6 9. Qe6 Qxc2 10. O-O Nc6 11. Nf7 Nxd4 12. Nxd6+ Kd8 13. Nxb7+ Kc7 14.
Qe5+ Kxb7 15. Qxd4 Qxe4 16. Qc5 Rc8 17. Qb5+ Ka8 18. a3 Rb8 19. Qa5 b3 20. Nc3
Qc4 21. Be3 a6 22. Rfd1 Qc8 23. Na4 Rb5 24. Qxb5 axb5 25. Nb6+ Kb7 26. Nxc8
Kxc8 27. Rab1 e6 28. Rxb3 Nd5 29. Rxb5 Bxa3 30. Ra1 1-0

[Event "Korcsoportos Bajnokság u14f"]
[Site "Balatonlelle"]
[Date "2015.06.20"]
[Round "3.9"]
[White "Acs, Kristof"]
[Black "Kovacs, Gabor Etele"]
[Result "1/2-1/2"]
[WhiteElo "1536"]
[BlackElo "1851"]
[PlyCount "169"]
[EventDate "2015.06.18"]
[EventType "swiss"]
[EventRounds "9"]
[EventCountry "HUN"]
[WhiteClock "0:43:58"]
[BlackClock "0:04:41"]

1. e4 e6 2. d4 d5 3. exd5 exd5 4. Bd3 Bd6 5. Nf3 Ne7 6. O-O Bg4 7. h3 Bh5 8. c3
Nbc6 9. Be3 Qd7 10. Nbd2 O-O-O 11. b4 f5 12. Nb3 f4 13. Bd2 g5 14. Nc5 Bxc5 15.
bxc5 g4 16. Nh2 f3 17. hxg4 Bxg4 18. Nxg4 Qxg4 19. Qxf3 Qxf3 20. gxf3 Rdf8 21.
Be3 Rhg8+ 22. Kh2 Rxf3 23. Rg1 Ng6 24. Rg5 Nce7 25. Be2 Rff8 26. Bg4+ Kd8 27.
Be6 Rh8 28. Bxd5 c6 29. Be4 Nh4 30. Rg4 Nhf5 31. Rag1 Nxe3 32. fxe3 h5 33. R4g3
h4 34. Rh3 Rf2+ 35. Rg2 Rf1 36. Rf3 Rxf3 37. Bxf3 Rf8 38. Be4 Rf1 39. Re2 Rc1
40. Kh3 Rxc3 41. Kxh4 b6 42. cxb6 axb6 43. Kg5 Kd7 44. Kf4 Kd6 45. Rb2 b5 46.
Kf3 Rc1 47. Ke2 Rg1 48. Kd3 Rd1+ 49. Rd2 Rg1 50. Kc2 Re1 51. Kd3 Rg1 52. Re2
Rc1 53. Kd2 Rg1 54. Bc2 Nd5 55. Bb3 Ne7 56. Kd3 Rg3 57. Ke4 Rg4+ 58. Kf3 Rg1
59. e4 Rf1+ 60. Rf2 Rg1 61. Rh2 Rg6 62. e5+ Kd7 63. Rh8 Nf5 64. Ke4 Ng3+ 65.
Kf4 Rg7 66. Ra8 Nh5+ 67. Kf5 Ng3+ 68. Kf4 Nh5+ 69. Ke3 Rg3+ 70. Kf2 Rd3 71. Bf7
Nf4 72. Ra7+ Kd8 73. e6 Nxe6 74. Bxe6 Rxd4 75. Ra3 Kc7 76. Rc3 Kb6 77. Ke3 Rd6
78. Bb3 c5 79. Rc1 c4 80. Bc2 Kc5 81. Rh1 Kb4 82. Rh5 Kc3 83. Bb1 b4 84. Rh2
Re6+ 85. Kf4 1/2-1/2

[Event "Korcsoportos Bajnokság u14f"]
[Site "Balatonlelle"]
[Date "2015.06.20"]
[Round "3.10"]
[White "Miszler, Levente"]
[Black "Varga, Marcell"]
[Result "1/2-1/2"]
[WhiteElo "1845"]
[BlackElo "1478"]
[PlyCount "129"]
[EventDate "2015.06.18"]
[EventType "swiss"]
[EventRounds "9"]
[EventCountry "HUN"]

1. Nf3 Nf6 2. g3 g6 3. Bg2 Bg7 4. d3 O-O 5. O-O d6 6. c4 c6 7. Nc3 Bg4 8. Bd2
Nbd7 9. Rb1 Qc7 10. b4 a6 11. a4 Bxf3 12. Bxf3 e6 13. b5 axb5 14. axb5 c5 15.
Qb3 Nb6 16. Ra1 Rfd8 17. Bf4 Nfd7 18. Ra3 Rxa3 19. Qxa3 Ra8 20. Qb3 Nc8 21. Bc1
Ra7 22. Bb2 Qb8 23. Ra1 Ncb6 24. Ra3 Kf8 25. Qa2 Rxa3 26. Qxa3 h5 27. Bc1 Ke7
28. Na4 Nxa4 29. Qxa4 Bd4 30. Qa5 b6 31. Qa3 Bf6 32. Bd2 Bg7 33. Qa6 Bd4 34.
Bc6 Bf6 35. h4 Bg7 36. Bg5+ f6 37. Be3 Ne5 38. Bg2 Nd7 39. Be4 f5 40. Bg5+ Bf6
41. Bxf6+ Kxf6 42. Qa1+ Kf7 43. Bg2 Ne5 44. Kf1 Nd7 45. Ke1 Nf6 46. Qa2 Ke7 47.
Kd2 Ng4 48. f4 Nf6 49. e3 Nd7 50. d4 Nf6 51. Kd3 Kf7 52. Qa6 Ke7 53. Bb7 Nd7
54. Bc6 Nf6 55. e4 fxe4+ 56. Bxe4 Nxe4 57. Kxe4 Kf6 58. d5 Kf7 59. dxe6+ Kxe6
60. Qa2 Qb7+ 61. Ke3 d5 62. Qe2 dxc4 63. Kd2+ Kd7 64. Qxc4 Qg2+ 65. Kc1 1/2-1/2

[Event "Korcsoportos Bajnokság u14f"]
[Site "Balatonlelle"]
[Date "2015.06.20"]
[Round "3.11"]
[White "Birovecz, Ben Jordan"]
[Black "Ambrus, Bence"]
[Result "0-1"]
[WhiteElo "1470"]
[BlackElo "1798"]
[PlyCount "108"]
[EventDate "2015.06.18"]
[EventType "swiss"]
[EventRounds "9"]
[EventCountry "HUN"]
[WhiteClock "0:13:34"]
[BlackClock "0:30:19"]

1. e4 e5 2. Nf3 Nc6 3. Bc4 Be7 4. d3 Nf6 5. O-O O-O 6. c3 d5 7. exd5 Nxd5 8.
Re1 Qd6 9. Nbd2 Bf5 10. Bb5 f6 11. Bc4 Kh8 12. Nh4 Be6 13. Ne4 Qd7 14. Nf3 Na5
15. Nfd2 Rad8 16. b4 Nxc4 17. Nxc4 Nb6 18. Nxb6 axb6 19. Re3 Bc4 20. d4 exd4
21. cxd4 Qxd4 22. Qxd4 Rxd4 23. Bb2 Rd7 24. Bc3 Rfd8 25. Nd2 Bf7 26. Rae1 Bf8
27. Nf3 Bxa2 28. h3 Bf7 29. Kh2 Rd1 30. Rxd1 Rxd1 31. Nd4 Bxb4 32. Nb5 Bc5 33.
Re4 Rd3 34. Be1 Rb3 35. Nxc7 Bd6+ 36. g3 Bxc7 37. Re7 Bxg3+ 38. fxg3 Kg8 39.
Rxb7 Bd5 40. Rb8+ Kf7 41. h4 Rb1 42. Rd8 Be4 43. Rd7+ Kg6 44. h5+ Kxh5 45. g4+
Kxg4 46. Rxg7+ Kh5 47. Bf2 Kh6 48. Re7 f5 49. Re6+ Kg5 50. Bxb6 Kg4 51. Bg1
Rb2+ 52. Bf2 Rxf2+ 53. Kg1 Rc2 54. Rd6 h5 0-1

[Event "Korcsoportos Bajnokság u14f"]
[Site "Balatonlelle"]
[Date "2015.06.20"]
[Round "3.12"]
[White "Szabo, Balint"]
[Black "Urban, Andras Daniel"]
[Result "1-0"]
[WhiteElo "1620"]
[BlackElo "1119"]
[PlyCount "71"]
[EventDate "2015.06.18"]
[EventType "swiss"]
[EventRounds "9"]
[EventCountry "HUN"]
[WhiteClock "0:46:17"]
[BlackClock "0:33:24"]

1. e4 e5 2. Nf3 Nc6 3. Bc4 Nf6 4. Ng5 d5 5. exd5 Nd4 6. d6 Qxd6 7. Bxf7+ Ke7 8.
Bc4 Qc6 9. d3 b5 10. Bb3 Nxb3 11. axb3 Qxg2 12. Qf3 Qxf3 13. Nxf3 Bb7 14. Ke2
e4 15. dxe4 Bxe4 16. Re1 Kf7 17. Ng5+ Kg6 18. Nxe4 Nxe4 19. f3 Ng5 20. Rg1 h6
21. h4 Be7 22. Ra6+ Kf5 23. hxg5 hxg5 24. Be3 c5 25. Rg2 Rh6 26. Ra5 a6 27. Nc3
Rd8 28. Ne4 Rg6 29. Nxc5 Bxc5 30. Bxc5 Re8+ 31. Kf2 Rge6 32. Kg3 Re2 33. Rxe2
Rxe2 34. Rxa6 Rxc2 35. Bd4 g6 36. Ra5 1-0

[Event "Korcsoportos Bajnokság u14f"]
[Site "Balatonlelle"]
[Date "2015.06.20"]
[Round "3.13"]
[White "Marton, Kristof"]
[Black "Kovacs, Mate"]
[Result "1-0"]
[WhiteElo "1482"]
[BlackElo "1353"]
[PlyCount "67"]
[EventDate "2015.06.18"]
[EventType "swiss"]
[EventRounds "9"]
[EventCountry "HUN"]
[WhiteClock "0:31:47"]
[BlackClock "0:20:02"]

1. e4 e5 2. Nf3 Nc6 3. Nc3 Nf6 4. Bb5 Bc5 5. O-O O-O 6. Nxe5 Nxe5 7. d4 Bd6 8.
dxe5 Bxe5 9. Bg5 c6 10. Bd3 d6 11. Kh1 Qb6 12. Rb1 Ng4 13. Qd2 Nxh2 14. Rfe1
Ng4 15. Nd1 Be6 16. b3 f5 17. f4 Bd4 18. Be7 Qc7 19. Bxf8 Qf7 20. Ne3 Qh5+ 21.
Kg1 Qh2+ 22. Kf1 Qxf4+ 23. Ke2 fxe4 24. Bc4 d5 25. Qxd4 Qxf8 26. Nxd5 cxd5 27.
Bxd5 Bxd5 28. Qxd5+ Kh8 29. Rf1 Qe7 30. Rf7 Qe8 31. Rbf1 Nf6 32. Qxb7 Rb8 33.
R1xf6 Qg8 34. Qxb8 1-0

[Event "Korcsoportos Bajnokság u14f"]
[Site "Balatonlelle"]
[Date "2015.06.20"]
[Round "3.14"]
[White "Kaloczi, Kristof"]
[Black "Boa, Bence"]
[Result "1-0"]
[WhiteElo "1781"]
[BlackElo "1725"]
[PlyCount "65"]
[EventDate "2015.06.18"]
[EventType "swiss"]
[EventRounds "9"]
[EventCountry "HUN"]
[WhiteClock "0:27:20"]
[BlackClock "0:09:13"]

1. e4 c6 2. d4 d5 3. exd5 cxd5 4. c4 Nf6 5. Nc3 e6 6. Nf3 Bb4 7. Bd3 O-O 8. O-O
dxc4 9. Bxc4 Bxc3 10. bxc3 Qc7 11. Qb3 Nbd7 12. Bd3 b6 13. Ng5 Bb7 14. f3 Rac8
15. Bd2 Rfd8 16. Qc2 h6 17. Ne4 e5 18. Rac1 Nxe4 19. fxe4 exd4 20. cxd4 Qxc2
21. Rxc2 Rxc2 22. Bxc2 Nf6 23. d5 Re8 24. Re1 Rd8 25. Bb4 a5 26. Ba3 Ne8 27.
Rb1 Rc8 28. Ba4 f5 29. Rxb6 Ba8 30. d6 Rd8 31. e5 Bd5 32. d7 Nc7 33. Be7 1-0

[Event "Korcsoportos Bajnokság u14f"]
[Site "Balatonlelle"]
[Date "2015.06.20"]
[Round "3.15"]
[White "Pogany, Zsombor"]
[Black "Balogh, Akos"]
[Result "0-1"]
[WhiteElo "1658"]
[BlackElo "1568"]
[PlyCount "40"]
[EventDate "2015.06.18"]
[EventType "swiss"]
[EventRounds "9"]
[EventCountry "HUN"]
[WhiteClock "0:24:49"]
[BlackClock "0:43:17"]

1. e4 c5 2. Nf3 e6 3. d4 cxd4 4. Nxd4 a6 5. Be3 Nf6 6. Nd2 Bb4 7. c3 Be7 8. Bd3
Qc7 9. N4b3 Nc6 10. h3 b5 11. a4 b4 12. cxb4 Nxb4 13. Nc4 Bb7 14. f3 d5 15.
exd5 Bxd5 16. Nb6 Rd8 17. Nxd5 Nfxd5 18. Rc1 Qe5 19. Be4 Nxe3 20. Qe2 Bh4+ 0-1

[Event "Korcsoportos Bajnokság u14f"]
[Site "Balatonlelle"]
[Date "2015.06.21"]
[Round "4.1"]
[White "Bege, Mate"]
[Black "Kokeny, Norbert Adrian"]
[Result "0-1"]
[WhiteElo "1999"]
[BlackElo "2061"]
[PlyCount "56"]
[EventDate "2015.06.18"]
[EventType "swiss"]
[EventRounds "9"]
[EventCountry "HUN"]
[WhiteClock "0:46:40"]
[BlackClock "1:00:26"]

1. e4 c5 2. Nf3 e6 3. b3 d6 4. e5 Nc6 5. exd6 Bxd6 6. Bb2 Nf6 7. Bb5 Bd7 8. Na3
a6 9. Nc4 Be7 10. Bxc6 Bxc6 11. O-O Rc8 12. Bc3 b6 13. Nfe5 Bb7 14. d4 b5 15.
Na5 Bd5 16. dxc5 Bxc5 17. b4 Bxf2+ 18. Rxf2 Rxc3 19. Qd4 Qc7 20. Rxf6 gxf6 21.
Ng4 Rg8 22. Nxf6+ Kf8 23. Nxh7+ Ke7 24. Qh4+ f6 25. Nxf6 Qb6+ 26. Kf1 Bxg2+ 27.
Ke2 Qe3+ 28. Kd1 Bf3# 0-1

[Event "Korcsoportos Bajnokság u14f"]
[Site "Balatonlelle"]
[Date "2015.06.21"]
[Round "4.2"]
[White "Bohus, Adam"]
[Black "Acs, Marton"]
[Result "1-0"]
[WhiteElo "2128"]
[BlackElo "1968"]
[PlyCount "61"]
[EventDate "2015.06.18"]
[EventType "swiss"]
[EventRounds "9"]
[EventCountry "HUN"]
[WhiteClock "0:16:58"]
[BlackClock "0:03:38"]

1. d4 d5 2. Nf3 Nf6 3. c4 c6 4. e3 g6 5. Nc3 Bg7 6. cxd5 cxd5 7. Bb5+ Bd7 8.
Qb3 Bxb5 9. Qxb5+ Qd7 10. Ne5 Qxb5 11. Nxb5 Na6 12. b3 Ne4 13. Ba3 Bxe5 14.
dxe5 Kd7 15. f3 Nec5 16. Ke2 b6 17. Rhd1 Kc6 18. Nc3 Nc7 19. Rac1 a5 20. Rd2
Rhd8 21. Na4 N7e6 22. Bxc5 bxc5 23. Nxc5 Nxc5 24. Rdc2 Kb6 25. Rxc5 Rd7 26. a4
Ka6 27. Rb5 Rb7 28. Rc6+ Ka7 29. Rxa5+ Kb8 30. Rxa8+ Kxa8 31. Rc3 1-0

[Event "Korcsoportos Bajnokság u14f"]
[Site "Balatonlelle"]
[Date "2015.06.21"]
[Round "4.3"]
[White "Gyimesi, Peter"]
[Black "Vanczak, Tamas"]
[Result "1/2-1/2"]
[WhiteElo "1819"]
[BlackElo "2017"]
[PlyCount "74"]
[EventDate "2015.06.18"]
[EventType "swiss"]
[EventRounds "9"]
[EventCountry "HUN"]
[WhiteClock "0:09:51"]
[BlackClock "0:13:03"]

1. e4 e5 2. Nf3 Nc6 3. Bc4 Bc5 4. c3 Nf6 5. d3 O-O 6. Nbd2 d5 7. exd5 Nxd5 8.
Ne4 Be7 9. O-O Bg4 10. h3 Bh5 11. Ng3 Bg6 12. Re1 Bf6 13. Ne4 Nb6 14. Bb3 Nd7
15. Be3 Kh8 16. Qe2 h6 17. Rad1 Be7 18. Ng3 f5 19. Bc1 Bd6 20. Bd5 Qf6 21. b3
Rae8 22. Qc2 Ne7 23. Bc4 e4 24. dxe4 Bxg3 25. fxg3 fxe4 26. Nh4 Bh7 27. Rxd7 b5
28. Rf1 Qb6+ 29. Kh2 bxc4 30. Rxe7 Rxf1 31. Rxe8+ Bg8 32. g4 Qd6+ 33. g3 Qb6
34. Qg2 Rf2 35. Ng6+ Kh7 36. Nf8+ Kh8 37. Ng6+ Kh7 1/2-1/2

[Event "Korcsoportos Bajnokság u14f"]
[Site "Balatonlelle"]
[Date "2015.06.21"]
[Round "4.4"]
[White "Papp, Levente"]
[Black "Vodila, Martin Botond"]
[Result "1/2-1/2"]
[WhiteElo "2111"]
[BlackElo "1941"]
[PlyCount "72"]
[EventDate "2015.06.18"]
[EventType "swiss"]
[EventRounds "9"]
[EventCountry "HUN"]
[WhiteClock "0:05:06"]
[BlackClock "0:10:17"]

1. c4 e5 2. g3 Nc6 3. Bg2 Nge7 4. Nc3 d6 5. e4 g6 6. Nge2 Bg7 7. O-O O-O 8. Nd5
f5 9. d3 Nxd5 10. cxd5 Ne7 11. Qb3 Kh8 12. f4 c6 13. fxe5 Bxe5 14. Bf4 Bxf4 15.
Nxf4 Qb6+ 16. Qxb6 axb6 17. Rfe1 Bd7 18. e5 dxe5 19. Rxe5 Rfe8 20. Rae1 Nxd5
21. Bxd5 Rxe5 22. Rxe5 cxd5 23. Nxd5 Bc6 24. Nb4 Kg7 25. Re7+ Kg8 26. Kf2 Rf8
27. d4 Rd8 28. Ke3 g5 29. Re6 f4+ 30. gxf4 gxf4+ 31. Kd3 Bb5+ 32. Ke4 f3 33.
Kxf3 Rxd4 34. a3 Rd2 35. Rxb6 Bf1 36. Rxb7 Rxb2 1/2-1/2